000 00493nam a2200181 a 4500
001 2357
003 CO-ViMGA
008 141112s2004 ck r 000 u spa d
040 _aCO-ViMGA
_bspa
_cCO-ViMGA
082 0 4 _a796.42 E475
100 1 _aEhrler, Wilfried
_951195
245 1 0 _aTriatlón :
_btecnica, táctica y entrenamiento
260 _aBarcelona :
_bPaidotribo,
_c1995
300 _a273 p : il
650 1 4 _aATLETISMO - PRUEBAS
_951196
650 1 4 _aTRIATLON
_951197
942 _2ddc
_cBK
999 _c14456
_d14456